000 00370nam a2200169Ia 4500
003 0100
008 130307s9999 xx 000 0 und d
040 _cARRUPELIB
050 _aLB875.F525
100 _aFitzpatrick, Edward Augustus
245 _aI believe in education
260 _aNY
260 _bSheed Ward
260 _c1938
300 _a218p
942 0 0 _09
999 _c85067
_d85067